525 Islands of the World - Extreme - Statistics

General Stats
  • This quiz has been taken 43 times
  • The average score is 136 of 525
Answer Stats
Country/Territory Answer % Correct
Capital: Nicosia Cyprus
91%
- Greenland
91%
- Great Britain
89%
UK/Capital: Dublin Ireland
89%
Capital: Reykjavik Iceland
86%
- Sicily
86%
- Cuba
83%
Capital: Kingston Jamaica
83%
- Malta
83%
- North
83%
- Sardinia
83%
- Trinidad
83%
Capital: Bridgetown Barbados
80%
- Crete
80%
Japan Hokkaido
80%
- South
80%
Capital: Kotte Sri Lanka
80%
Capital: Taipei Taiwan
80%
- Tasmania
80%
Capital: Port of Spain Tobago
80%
- Baffin
77%
- Corsica
77%
- Honshu
77%
Capital: Douglas Isle of Man
77%
- Java
77%
Capital: Castries Saint Lucia
77%
Capital: Saint John's Antigua
74%
Capital: Manama Bahrain
74%
Indonesia/Malaysia/Brunei Borneo
74%
- Guernsey
74%
- Jersey
74%
Capital: Antananarivo Madagascar
74%
- Prince Edward
74%
Capital: San Juan Puerto Rico
74%
Capital: Kingstown Saint Vincent
74%
- Vancouver
74%
Capital: Saint George's Grenada
71%
- Long
71%
- Mauritius
71%
- Saint Kitts
71%
- Sumatra
71%
- Victoria
71%
Capital: Oranjestad Aruba
69%
Capital: Willemstad Curaçao
69%
Capital: Roseau Dominica
69%
Haiti/Dominican Republic Hispaniola
69%
Capital: Yaren Nauru
69%
- Newfoundland
69%
Indonesia/PNG New Guinea
69%
- Sao Tome
69%
- Barbuda
66%
- Ellesmere
66%
Capital: Fort de France Martinique
66%
- Re
66%
Capital: Saint Denis Reunion
66%
- Rhodes
66%
Singapore Ujong
66%
- Bali
63%
- Ibiza
63%
- Luzon
63%
Capital: Marigot/Philipsburg Saint Martin
63%
Indonesia/Capital: Dili Timor
63%
Capital: Flying Fish Cove Christmas
60%
- Hawai'i
60%
- Hong Kong
60%
South Korea Jeju
60%
- Mainland (Shetland)
60%
- Mallorca
60%
- Prince Edward
60%
S*** T*** and P*** Principe
60%
Capital: Kralendijk Bonaire
57%
- Easter
57%
Capital: Hagatna Guam
57%
- Kyushu
57%
Capital: Hamilton Main (Bermuda)
57%
- Manhattan
57%
- Menorca
57%
Capital: Basseterre Nevis
57%
- Okinawa
57%
Yemen Socotra
57%
- Sulawesi
57%
- Zealand
57%
- Hainan
54%
- Lesbos
54%
Portugal Madeira
54%
- Mindanao
54%
- Sakhalin
54%
- Shikoku
54%
- Tenerife
54%
- Zanzibar
54%
Capital: The Valley Anguilla
51%
- Banks
51%
Aland Islands Fasta Aland
51%
Mayotte Grand Terre
51%
- Oahu
51%
Thailand Phuket
51%
- Saint Pierre
51%
- Tahiti
51%
- West
51%
- Corfu
49%
- Gran Canaria
49%
- Mainland (Orkney)
49%
- Male
49%
Capital: Gustavia Saint Barthelemy
49%
Argentina/Chile Tierra del Fuego
49%
- Wight
49%
Papua New Guinea Bougainville
46%
Philippines Cebu
46%
Costa Rica Cocos
46%
Italy Elba
46%
- Flores
46%
Sweden Gotland
46%
- Gozo
46%
- Krk
46%
Capital: The Bottom Saba
46%
Capital: Jamestown Saint Helena
46%
- Skye
46%
- Streymoy
46%
- Maui
43%
S*** P*** and M*** Miquelon
43%
Capital: Plymouth Montserrat
43%
- New Britain
43%
- New Ireland
43%
Capital: Alofi Niue
43%
- Sal
43%
- Santorini
43%
Capital: Stanley East Falkland
40%
- Jan Mayen
40%
- Key West
40%
- Negros
40%
- Pitcairn
40%
Capital: King Edward Point South Georgia
40%
- Spitsbergen
40%
- Staten
40%
- West Falkland
40%
- Grand Cayman
37%
- Grande Terre
37%
- Kauai
37%
- Kodiak
37%
Capital: Noumea New Caledonia
37%
- Palawan
37%
- Prince of Wales
37%
United Kingdom Anglesey
34%
Canada Anticosti
34%
Tunisia Djerba
34%
- Euboea
34%
- Funen
34%
- Grand Bahama
34%
- Lewis and Harris
34%
- Montreal
34%
Capital: Kingston Norfolk
34%
- Panay
34%
- Severny
34%
Capital: Oranjestad Sint Eustatius
34%
- Sumba
34%
- Viti Levu
34%
Greece Andros
31%
- Bouvet
31%
- Cape Breton
31%
- Devon
31%
- Grande Comore
31%
Australia Kangaroo
31%
- Mackenzie King
31%
- Marajo
31%
- Öland
31%
- Salsette
31%
- Southampton
31%
- Sumbawa
31%
- Tristan da Cunha
31%
- Wrangel
31%
- Yuzhny
31%
Capital: Georgetown Ascension
29%
- Bioko
29%
Chile Chiloe
29%
- Chios
29%
- Futuna
29%
- Halmahera
29%
H*** and M*** ISlands Heard
29%
- McDonald
29%
- Midway
29%
- North Jutlandic
29%
- Prince Charles
29%
- Somerset
29%
- Xiamen
29%
- Arran
26%
Guadeloupe Basse Terre
26%
- Bolshevik
26%
- Bornholm
26%
- King William
26%
- Kos
26%
- Lolland
26%
- Molokai
26%
- Mull
26%
- Naxos
26%
- North Andros
26%
- Qeqertarsuaq
26%
- Rügen
26%
- Saaremaa
26%
- Saint John
26%
- South Andros
26%
- Tarawa
26%
- Unalaska
26%
- Wallis
26%
- Alcatraz
23%
- Axel Heiberg
23%
- Bangka
23%
- Fuerteventura
23%
- Great Abaco
23%
- Guadalcanal
23%
Capital: Nuuk/Canada Hans
23%
Estonia Hiiumaa
23%
- Islay
23%
- Kerguelen
23%
- Lanzarote
23%
- Margarita
23%
- Nantucket
23%
Tanzania Pemba
23%
- Prince Patrick
23%
US Virgin Islands Saint Croix
23%
- Saint Thomas
23%
- Sylt
23%
- Wake
23%
- Alexander
20%
- Bathurst
20%
French Polynesia Bora Bora
20%
Mexico Cozumel
20%
British Indian Ocean Territory Diego Garcia
20%
South Africa Marion
20%
- Melville
20%
- Mykonos
20%
- October Revolution
20%
- Samar
20%
- Santa Isabel
20%
- Seram
20%
- Yos Sudarso
20%
Channel Islands Alderney
17%
- Bikini
17%
Croatia Brac
17%
China Chongming
17%
- Cres
17%
- Grand Turk
17%
- Iwo Jima
17%
- Johnston
17%
- Juventud
17%
- La Gomera
17%
- La Palma
17%
- Lemnos
17%
- Majuro
17%
- Middle Andaman
17%
- Navassa
17%
- New Providence
17%
- North Andaman
17%
- North Sentinel
17%
- Pag
17%
- Pohnpei
17%
- Ross
17%
- Saint Lawrence
17%
- Samos
17%
- Santa Cruz
17%
- Sao Vicente
17%
- South Andaman
17%
- Texel
17%
Germany/Poland Usedom
17%
- Vanua Levu
17%
- Zakynthos
17%
French Southern and Antarctic Lands Amsterdam
14%
Comoros Anjouan
14%
- Baker
14%
- Belitung
14%
- Berkner
14%
- Big Diomede
14%
- Bylot
14%
Ashmore and C*** Islands Cartier
14%
- Cat
14%
Capital: Valletta Comino
14%
- Edgeoya
14%
- Eysturoy
14%
- Falster
14%
- Goeree Overflakkee
14%
Haiti Gonave
14%
- Great Inagua
14%
- Inaccessible
14%
- Ithaca
14%
- Kefalonia
14%
- Komodo
14%
Nigeria Lagos
14%
- Little Andaman
14%
- Lord Howe
14%
- Mahe
14%
- Middle Caicos
14%
- New Siberia
14%
- North Caicos
14%
- North Uist
14%
- Nui
14%
- Palmyra
14%
Saudi Arabia/Capital: Manama Passport
14%
Iran Qeshm
14%
- Santa Catarina
14%
- Santiago
14%
- South Caicos
14%
- South Sentinel
14%
- South Uist
14%
Brunei/China/Malaysia/Philippines/Taiwan/Vietnam Spratly
14%
- Thassos
14%
Tonga Tongatapu
14%
- Unst
14%
- Wellington
14%
- Yell
14%
- Admiralty
11%
Norway Andoya
11%
Equatorial Guinea Annobon
11%
France Clipperton
11%
Turks and Caicos Islands East Caicos
11%
- Eleuthera
11%
Vanuatu Espiritu Santo
11%
Netherlands Flevopolder
11%
- Fogo
11%
Tuvalu Funafuti
11%
Capital: Nuuk Geographical Society
11%
- Hinnoya
11%
- Howland
11%
- Hvar
11%
- Ischia
11%
- Jura
11%
- Korcula
11%
- Langoya
11%
- Lefkada
11%
- Lib
11%
- Liberty
11%
- Little Diomede
11%
- Little Nicobar
11%
- Martha's Vineyard
11%
- Moheli
11%
- Muhu
11%
Spain/France Pheasant
11%
- Pico
11%
Colombia Providencia
11%
- Rodrigues
11%
- Roosevelt
11%
- Saint Paul
11%
- Saipan
11%
- San Cristobal
11%
- Sao Miguel
11%
- Sark
11%
- Senja
11%
- Suduroy
11%
- Terschelling
11%
- Unimak
11%
- Vagar
11%
- West Caicos
11%
- Yap
11%
- Zhoushan
11%
Antarctica Adelaide
9%
Denmark Amager
9%
Maldives Ari
9%
Cape Verde Boa Vista
9%
- Bute
9%
Capital: Havana Cayo Romano
9%
New Zealand Chatham
9%
Germany Fehmarn
9%
- Formentera
9%
Capital: Edinburgh of the Seven Seas Gough
9%
- Graham
9%
India Great Nicobar
9%
- Heimaey
9%
- Henderson
9%
- Herm
9%
- IJsselmonde
9%
- Jarvis
9%
- Karpathos
9%
- Kiritimati
9%
- Koror
9%
- Kosrae
9%
- Kotelny
9%
- Lae
9%
- Little Cayman
9%
- Maio
9%
- Manus
9%
- Milne
9%
- Moorea
9%
- Providenciales
9%
Myanmar Ramree
9%
- Rum
9%
- Rum Cay
9%
- San Andres
9%
- Terceira
9%
- Traill
9%
- Upolu
9%
Bahamas Acklins
6%
USA Adak
6%
Capital: Port Louis Agalega
6%
- Attu
6%
US Minor Outlying Islands Bajo Nuevo Bank
6%
Faroe Islands Bordoy
6%
- Buton
6%
Micronesia Chuuk
6%
- Crooked
6%
Spain El Hierro
6%
Ecuador Espanola
6%
- 'Eua
6%
Saudi Arabia Farasan
6%
- Gökçeada
6%
- Great Exuma
6%
Finland Hailuoto
6%
- Hoy
6%
- Isabela
6%
- Kao
6%
- Kingman Reef
6%
- Krakatoa
6%
- Malaita
6%
- Mangrove Cay
6%
- Marmara
6%
- Mayaguana
6%
- Montecristo
6%
- Moresby
6%
- Nottingham
6%
- Nukufetau
6%
- Peter I
6%
Cook Islands Rarotonga
6%
Fiji Rotuma
6%
- Saint Brandon
6%
- San Salvador
6%
- Schouwen Duiveland
6%
- Serranilla Bank
6%
- Taveuni
6%
Torres Strait Islands Thursday
6%
- Ymer
6%
Kiribati Abemama
3%
Northern Mariana Islands Agrihan
3%
Marshall Islands Ailinglaplap
3%
- Ailuk
3%
- Alamagan
3%
- Albatross
3%
Capital: Mata Utu Alofi
3%
- Anatahan
3%
- Arno
3%
- Asuncion
3%
Tokelau Atafu
3%
- Atka
3%
- Aur
3%
Palau Babeldaob
3%
- Banaba
3%
- Banc du Geyser
3%
Solomon Islands Bellona
3%
Brazil Belmonte
3%
Russia Bering
3%
- Big Pine Key
3%
Turkey Bozcaada
3%
- Brava
3%
- Brecqhou
3%
- Burgaz Ada
3%
- Büyük Ada
3%
Cayman Islands Cayman Brac
3%
- Choiseul
3%
- Cunda
3%
Capital: Adamstown Ducie
3%
- Ebon
3%
- Enewetok
3%
- Europa
3%
- Farallon de Pajaros
3%
- Felidhu
3%
- Graham Bell
3%
- Guguan
3%
- Harbour
3%
- Heybeliada
3%
Cocos Islands Home
3%
- Huahine
3%
- Huvadhu
3%
- İmralı
3%
Capital: Dublin Inisheer
3%
- Inishmaan
3%
- Inıshmore
3%
- Jethou
3%
- Kili
3%
- Kınalıada
3%
- Kuria
3%
- Kythira
3%
Seychelles La Digue
3%
Venezuela La Tortuga
3%
- Makira
3%
- Mangareva
3%
Sweden/Finland Market
3%
- Mejit
3%
- Mili
3%
- Moore's
3%
- Mulaku
3%
- Nantes
3%
- Nanumanga
3%
- Nanumea
3%
- Nilandhe
3%
- Niulakita
3%
- Niutao
3%
- Nordauslandet
3%
- Nukulaelae
3%
- Oeno
3%
American Samoa Ofu-Olosega
3%
- Pagan
3%
- Ragged
3%
- Rennell
3%
- Robinson Crusoe
3%
- Rongelap
3%
- Rongerik
3%
- Rota
3%
- Rurutu
3%
- Saint Christophe
3%
- Santa Fe
3%
- Sarigan
3%
Samoa Savai'i
3%
- Södertörn
3%
- South Malaita
3%
- Starbuck
3%
- Tabiteuea
3%
- Ta'u
3%
- Temotu Neo
3%
- Temotu Noi
3%
- Tutuila
3%
- Ulawa
3%
- Utirik
3%
- Vaitupu
3%
Coral Sea Islands Willis
3%
- Wotho
3%
- Wotje
3%
No matching quizzes found
Score Distribution
Percent of People with Each Score
Percentile by Number Answered
Your Score History
You have not taken this quiz